000 00455nam a22001337a 4500
005 20241007101832.0
008 241007b |||||||| |||| 00| 0 eng d
100 _aGaspay, Ariel P.
_eauthor.
_962411
245 _aSimple guide to success /
_cAriel P. Gaspay.
260 _aPhilippines:
_bPublishers Association of the Philippines, Inc.,
_cMarch 2019.
300 _aVolume 66, pages 377.
700 _aGaspay, Ariel P.
_eauthor.
_962412
942 _2ddc
_cPER
999 _c22285
_d22285